00632nam a22002057a 450000500170000001000130001702000110003003500130004103700160005404000120007008200150008224500940009726000360019127000370022730000200026450000210028465000440030565000620034970000150041120170124110035.0 aA-473209 c125.00 aA-473209 bCen Lib/Ret aDPLbEN a483.8bDIC aDictionary of synonyms and antonyms :ccompiled by Asha Puribwith their relative words / aDelhibSahni Publicationsc1991 bDelhiaE4/26, Model Towne110009 a376p.c20cm(Hb) aIncludes index  aEnglish language--Synonyms and antonyms aEnglish language -- Synonyms and antonyms -- Dictionaries aPuri, Asha